| 000 | 00438nam a2200157 a 4500 | ||
|---|---|---|---|
| 005 | 20140310183254.0 | ||
| 008 | 041026s19uu xx 00 eng d | ||
| 050 |
_aKF 2915.N83 _b.N877 2003 |
||
| 100 | _aHelm, Ann | ||
| 245 |
_aNursing malpractice : _bsidestepping legal minefields. / |
||
| 300 |
_a246 p.: _bill. ; _c19 cm. |
||
| 521 | _aNUR | ||
| 650 |
_aNurses _xMalpractice _xUnited States. |
||
| 942 |
_cBK _2lcc _kFOR |
||
| 999 |
_c20832 _d20832 |
||